| 000 | 00702nam a22002177a 4500 | ||
|---|---|---|---|
| 003 | OSt | ||
| 005 | 20230127103025.0 | ||
| 008 | 221006b |||||||| |||| 00| 0 eng d | ||
| 020 | _a88 8118 025 1 | ||
| 040 | _cBiblioteca Lado V | ||
| 082 |
_a779 _bS947m |
||
| 100 |
_eautor _9674 _aSugimoto, Hiroshi |
||
| 245 | _aMotion Picture by Sugimoto/ | ||
| 260 |
_bGalleria SPSAS _aMilan _c1995 |
||
| 300 |
_a73p. _c32x24cm |
||
| 650 |
_2Tesauro de Arte & Arquitectura _aARTE |
||
| 650 |
_2Tesauro de Arte & Arquitectura _aBLANCO Y NEGRO |
||
| 650 |
_2Tesauro de Arte & Arquitectura _aFOTOGRAFIA |
||
| 650 |
_2Tesauro de Arte & Arquitectura _aTEATROS |
||
| 942 |
_2ddc _c1 _h779 _iS947m _n0 |
||
| 999 |
_c2957 _d2957 |
||